| 000 | 00996nam a22002895i 4500 | ||
|---|---|---|---|
| 999 |
_c23871 _d23843 |
||
| 003 | EG-ScBUE | ||
| 005 | 20201027103117.0 | ||
| 008 | 170109t20152015gw f b 000 0 eng d | ||
| 020 | _a9783659680366 | ||
| 040 |
_aEG-ScBUE _beng _erda _cEG-ScBUE _dEG-ScBUE |
||
| 082 | 0 | 4 |
_a809.9337133 _bSOL _222 |
| 100 | 1 |
_aSoliman, Nagwa Abou-Serie, _eauthor. |
|
| 245 | 1 | 4 |
_aThe impact of technology on teaching language and literature / _cNagwa Soliman. |
| 264 | 1 |
_aSaarbrücken : _bLAP LAMBERT Academic Publishing, _c[2015] |
|
| 264 | 4 | _cc2015 | |
| 300 |
_a92 pages ; _c24 cm |
||
| 336 |
_atext _btxt _2rdacontent |
||
| 337 |
_aunmediated _bn _2rdamedia |
||
| 338 |
_avolume _bnc _2rdacarrier |
||
| 504 | _aIncludes bibliographical references. | ||
| 650 | 7 |
_aLiterature and technology. _2BUEsh |
|
| 650 | 7 |
_aEducational technology. _2BUEsh _939777 |
|
| 650 | 7 |
_aLanguage _xStudy and teaching _vTechnological innovations. _2BUEsh |
|
| 651 | _2BUEsh | ||
| 653 |
_bHHUUEENN _cJanuary2017 |
||
| 942 |
_2ddc _cBB |
||